Membre de la team Croûtons ;-; - Statistiques

Statistiques générales
  • Ce quiz a été pris 798 fois
  • Le résultat moyen est 8 sur 8
Statistiques - réponses
Membres % Correct
Team Croûtons Inoxtag
99%
Team Croûtons Michou
99%
Team Croûtons Pidi
98%
Team Croûtons Valouzz
96%
Team Croûtons Apo
95%
Team Croûtons Lebouseuh
93%
Team Croûtons Dobby
91%
Team Croûtons Doc jazy
84%
Aucun quiz correspondant
Distribution des résultats
% des personnes avec chaque résultat
Percentile par nombre de réponses
Votre historique - résultats
Vous n’avez pas pris ce quiz